Normal view
MARC view
Entry Topical Term
001 - CONTROL NUMBER
- control field: 8708
003 - CONTROL NUMBER IDENTIFIER
- control field: BD-RjUL
005 - DATE AND TIME OF LATEST TRANSACTION
- control field: 20230830163857.0
008 - FIXED-LENGTH DATA ELEMENTS
- fixed length control field: 230830|| aca||aabn | a|a d
040 ## - CATALOGING SOURCE
- Original cataloging agency: BD-RjUL
- Transcribing agency: BD-RjUL
150 ## - HEADING--TOPICAL TERM
- Topical term or geographic name entry element: Systems and spaces
- Form subdivision: Topology
670 ## - SOURCE DATA FOUND
- Source citation: Work cat.: (BD-RjUL)81818: Mahbub, Md. Aman 8707, Compactness and connectedness concept in intuitionstic fuzzy topological spaces /, 2021